| 000 | 02166cam a22003974a 4500 | ||
|---|---|---|---|
| 001 | 17203496 | ||
| 005 | 20170105102917.0 | ||
| 008 | 120309s2012 enk b 000 0 eng | ||
| 010 | _a 2012009012 | ||
| 022 | _29780230302990(Paperback) | ||
| 040 |
_aDLC _cDLC _dDLC |
||
| 042 | _apcc | ||
| 050 | 0 | 0 |
_aJZ1405 _b.B47 2012 |
| 082 | 0 | 0 |
_a327.203 _223 |
| 084 |
_aPOL011010 _aLAW051000 _aPOL018000 _2bisacsh |
||
| 100 | 1 | _aBerridge, Geoff. | |
| 245 | 1 | 4 |
_aThe Palgrave Macmillan dictionary of diplomacy / _cG.R. Berridge, Alan James, Lorna Lloyd ; editorial consultants, Brian Barder, Laurence E. Pope, and Kishan S. Rana. |
| 250 | _a3rd ed. | ||
| 260 |
_aHoundmills, Basingstoke, Hampshire ; _aNew York : _bPalgrave Macmillan, _c2012. |
||
| 300 |
_axvi, 401 p. ; _c21 cm. |
||
| 500 | _aRev. ed. of: A dictionary of diplomacy, 2013. | ||
| 504 | _aIncludes bibliographical references (p. 398-401). | ||
| 505 | 8 | _aMachine generated contents note: -- Preface to the First Edition -- Preface to the Second Edition -- Preface to the Third Edition -- Notes on Using the Dictionary -- The Palgrave Macmillan Dictionary of Diplomacy -- Bibliography. | |
| 520 | _a"Indispensable for students of diplomacy and junior members of diplomatic services, this dictionary not only covers diplomacy's jargon but also includes entries on legal terms, political events, international organizations, e-Diplomacy, and major figures who have occupied the diplomatic scene or have written about it over the last half millennium. "-- | ||
| 650 | 0 |
_aDiplomacy _vDictionaries. |
|
| 650 | 7 |
_aPOLITICAL SCIENCE / International Relations / Diplomacy. _2bisacsh |
|
| 650 | 7 |
_aLAW / International. _2bisacsh |
|
| 650 | 7 |
_aPOLITICAL SCIENCE / Reference. _2bisacsh |
|
| 700 | 1 |
_aJames, Alan, _d1933- |
|
| 700 | 1 | _aLloyd, Lorna. | |
| 700 | 1 |
_aBerridge, Geoff. _tPalgrave Macmillan dictionary of diplomacy. |
|
| 856 | 4 | 2 |
_3Cover image _uhttp://www.netread.com/jcusers2/bk1388/983/9780230302983/image/lgcover.9780230302983.jpg |
| 906 |
_a7 _bcbc _corignew _d1 _eecip _f20 _gy-gencatlg |
||
| 942 |
_2ddc _cBK |
||
| 999 |
_c15387 _d15387 |
||